Plats des États-Unis - Mort Subite - Statistiques

Statistiques générales
  • Ce quiz a été pris 249 fois
  • Le résultat moyen est 3 sur 16
Answers on the Grid
Answers color-coded by a green-red scale on the quiz's grid according to % correct below.
Pépites de poulet
Hot-dog italien
Poulet jerk
Club sandwich
Praliné
Wonton
Lox
Garbage plate
Philly cheesesteak
Oeufs Benedict
Fish and chips
Pizza hawaïenne
Jambalaya
Cannelloni
Crab Louie
Fondue
Tarte aux pacanes
Glorified rice
Poutine
Bulgogi
Empanadas
Funeral potatoes
Deep-dish
Hareng en fourrure
Poke
Chaudrée de palourdes de Nouvelle-Angleterre
Nachos
Étouffée
 
Statistiques - réponses
Réponse % Correct
Philly cheesesteak
49%
Club sandwich
37%
Hot-dog italien
27%
Crab Louie
20%
Deep-dish
20%
Funeral potatoes
20%
Pépites de poulet
20%
Chaudrée de palourdes de Nouvelle-Angleterre
19%
Garbage plate
14%
Tarte aux pacanes
14%
Glorified rice
13%
Jambalaya
13%
Oeufs Benedict
9%
Poke
6%
Étouffée
4%
Lox
4%
Aucun quiz correspondant
Distribution des résultats
% des personnes avec chaque résultat
Percentile par nombre de réponses
Votre historique - résultats
Vous n’avez pas pris ce quiz